00329 a2200109 4500001001000000005001700010008004100027245004000068100002600108773006800134999001700202ART_1478520260410161913.0260409a 10aDecentralization with externalities1 aLaffont, Jean-Jacques0 tEuropean economic reviewg- Vol. 7, NÂș 4 (may. 1976)wREV13346 c27033d27033